[Event "World Chess Olympiad 2018"]
[Site "Batumi"]
[Date "2018.10.04"]
[Round "10"]
[Board "3"]
[WhiteFideId "8700389"]
[White "Simutowe Musatwe"]
[BlackFideId "4300033"]
[Black "Cheng Bobby"]
[Result "0-1"]
[LiveChessVersion "1.4.8"]
[BlackElo "2507"]
[WhiteElo "2208"]

1. d4 {[%clk 1:29:30]} c5 {[%clk 1:30:53]} 2. Nf3 {[%clk 1:29:31]} cxd4
{[%clk 1:30:44]} 3. Nxd4 {[%clk 1:29:43]} d5 {[%clk 1:25:11]} 4. e3
{[%clk 1:27:59]} e5 {[%clk 1:22:22]} 5. Nf3 {[%clk 1:28:24]} Nc6 {[%clk 1:22:20]}
6. c4 {[%clk 1:28:25]} d4 {[%clk 1:20:32]} 7. exd4 {[%clk 1:27:28]} exd4
{[%clk 1:20:57]} 8. Bd3 {[%clk 1:27:52]} Nf6 {[%clk 1:18:07]} 9. O-O
{[%clk 1:28:13]} Be7 {[%clk 1:18:36]} 10. a3 {[%clk 1:25:19]} a5 {[%clk 1:18:44]}
11. Nbd2 {[%clk 1:20:11]} O-O {[%clk 1:19:03]} 12. Re1 {[%clk 1:20:29]} Bg4
{[%clk 1:14:26]} 13. h3 {[%clk 1:16:28]} Bh5 {[%clk 1:14:53]} 14. Nf1
{[%clk 1:16:52]} Bg6 {[%clk 1:04:47]} 15. Ng3 {[%clk 1:16:53]} Bxd3
{[%clk 1:03:07]} 16. Qxd3 {[%clk 1:17:16]} Nd7 {[%clk 1:03:32]} 17. b3
{[%clk 1:15:03]} Nc5 {[%clk 0:55:43]} 18. Qd1 {[%clk 1:12:43]} Ne6
{[%clk 0:48:32]} 19. Nf5 {[%clk 1:01:11]} Bf6 {[%clk 0:46:22]} 20. Rb1
{[%clk 1:01:30]} Qc7 {[%clk 0:40:05]} 21. Nd2 {[%clk 0:40:47]} Kh8
{[%clk 0:24:41]} 22. Ne4 {[%clk 0:40:44]} Be5 {[%clk 0:25:09]} 23. Nh4
{[%clk 0:34:42]} Rad8 {[%clk 0:21:58]} 24. b4 {[%clk 0:33:43]} axb4
{[%clk 0:19:51]} 25. axb4 {[%clk 0:34:07]} d3 {[%clk 0:20:19]} 26. Nf3
{[%clk 0:30:07]} Bf4 {[%clk 0:19:50]} 27. Bb2 {[%clk 0:19:50]} Bh6
{[%clk 0:18:19]} 28. Qb3 {[%clk 0:18:13]} Nf4 {[%clk 0:14:16]} 29. Ng3
{[%clk 0:16:59]} d2 {[%clk 0:13:07]} 30. Re3 {[%clk 0:13:45]} Nxh3+
{[%clk 0:09:22]} 31. gxh3 {[%clk 0:09:54]} Bxe3 {[%clk 0:09:48]} 32. Bxg7+
{[%clk 0:05:12]} Kxg7 {[%clk 0:10:44]} 33. Nf5+ {[%clk 0:05:37]} Kh8
{[%clk 0:08:21]} 34. Nxe3 {[%clk 0:05:46]} f6 {[%clk 0:07:25]} 35. Nd5
{[%clk 0:05:58]} Rg8+ {[%clk 0:07:53]} 36. Kf1 {[%clk 0:04:52]} Qg7
{[%clk 0:08:03]} 37. Qc3 {[%clk 0:03:30]} Qg2+ {[%clk 0:03:12]} 38. Ke2
{[%clk 0:03:52]} Rge8+ {[%clk 0:03:40]} 39. Ne3 {[%clk 0:32:52]} Rxe3+
{[%clk 0:31:45]} 40. Qxe3 {[%clk 0:31:13]} Qg6 {[%clk 0:32:11]} 41. Qb3
{[%clk 0:30:59]} Qe4+ {[%clk 0:32:18]} 42. Kd1 {[%clk 0:30:43]} Rd3
{[%clk 0:32:33]} 0-1

[Event "World Chess Olympiad 2018"]
[Site "Batumi"]
[Date "2018.10.04"]
[Round "10"]
[Board "4"]
[WhiteFideId "3205800"]
[White "Morris James"]
[BlackFideId "8701776"]
[Black "Mulenga Prince Daniel"]
[Result "1/2-1/2"]
[LiveChessVersion "1.4.8"]
[BlackElo "2237"]
[WhiteElo "2494"]

1. e4 {[%clk 1:30:54]} c5 {[%clk 1:29:45]} 2. Nf3 {[%clk 1:31:20]} d6
{[%clk 1:30:01]} 3. Bb5+ {[%clk 1:31:40]} Nd7 {[%clk 1:30:13]} 4. a4
{[%clk 1:32:02]} a6 {[%clk 1:30:22]} 5. Bc4 {[%clk 1:32:29]} e6 {[%clk 1:30:09]}
6. Nc3 {[%clk 1:32:47]} Ngf6 {[%clk 1:30:33]} 7. O-O {[%clk 1:21:38]} Be7
{[%clk 1:30:51]} 8. d4 {[%clk 1:18:39]} cxd4 {[%clk 1:31:18]} 9. Qxd4
{[%clk 1:18:44]} Qc7 {[%clk 1:31:19]} 10. a5 {[%clk 1:12:24]} O-O
{[%clk 1:31:24]} 11. Bb3 {[%clk 1:08:41]} Ne5 {[%clk 1:29:29]} 12. Nxe5
{[%clk 1:08:19]} dxe5 {[%clk 1:29:57]} 13. Qd3 {[%clk 1:07:49]} Bd7
{[%clk 1:29:46]} 14. Be3 {[%clk 1:07:39]} Bc5 {[%clk 1:29:38]} 15. Qc4
{[%clk 1:03:07]} Rac8 {[%clk 1:29:25]} 16. Qxc5 {[%clk 1:03:32]} Qxc5
{[%clk 1:29:52]} 17. Bxc5 {[%clk 1:03:59]} Rxc5 {[%clk 1:30:20]} 18. Rfd1
{[%clk 1:04:22]} Rc7 {[%clk 1:29:37]} 19. f3 {[%clk 1:02:59]} Rfc8
{[%clk 1:29:25]} 20. Na2 {[%clk 1:02:37]} Bb5 {[%clk 1:27:57]} 21. Nb4
{[%clk 0:59:02]} Kf8 {[%clk 1:27:00]} 22. Kf2 {[%clk 0:58:09]} Ke7
{[%clk 1:27:16]} 23. Ke3 {[%clk 0:58:35]} Nd7 {[%clk 1:23:40]} 24. c3
{[%clk 0:55:48]} Nc5 {[%clk 1:20:24]} 25. Bc2 {[%clk 0:56:03]} Rd7
{[%clk 1:17:54]} 26. Rxd7+ {[%clk 0:53:36]} Kxd7 {[%clk 1:13:24]} 27. g3
{[%clk 0:53:52]} g5 {[%clk 1:11:58]} 28. Rh1 {[%clk 0:50:33]} Ke7
{[%clk 1:09:05]} 29. Rg1 {[%clk 0:46:25]} Rg8 {[%clk 1:07:23]} 30. b3
{[%clk 0:46:31]} Bd7 {[%clk 1:05:05]} 31. Nd3 {[%clk 0:34:43]} Nxd3
{[%clk 1:05:05]} 32. Bxd3 {[%clk 0:35:10]} h6 {[%clk 1:04:30]} 33. c4
{[%clk 0:35:22]} f5 {[%clk 1:03:27]} 34. g4 {[%clk 0:32:28]} f4+ {[%clk 0:54:59]}
35. Kd2 {[%clk 0:30:49]} Kf6 {[%clk 0:54:48]} 36. b4 {[%clk 0:31:02]} h5
{[%clk 0:53:23]} 37. h3 {[%clk 0:31:16]} hxg4 {[%clk 0:53:49]} 38. hxg4
{[%clk 0:31:44]} Rh8 {[%clk 0:54:18]} 39. Rb1 {[%clk 0:31:09]} Ke7
{[%clk 0:49:24]} 40. b5 {[%clk 0:58:21]} Kd6 {[%clk 1:07:52]} 41. bxa6
{[%clk 0:57:50]} bxa6 {[%clk 1:08:20]} 42. Rb6+ {[%clk 0:57:58]} Bc6
{[%clk 1:08:49]} 43. Rxa6 {[%clk 0:57:01]} Rh7 {[%clk 1:02:35]} 44. Be2
{[%clk 0:49:24]} Kc5 {[%clk 1:02:29]} 45. Ke1 {[%clk 0:49:37]} Rh1+
{[%clk 0:57:31]} 46. Kf2 {[%clk 0:47:23]} Rh2+ {[%clk 0:57:57]} 47. Kf1
{[%clk 0:47:09]} Rh1+ {[%clk 0:58:07]} 48. Kg2 {[%clk 0:46:10]} Rh7
{[%clk 0:58:35]} 49. Bf1 {[%clk 0:41:59]} Rd7 {[%clk 0:57:28]} 50. Rb6
{[%clk 0:38:33]} Rb7 {[%clk 0:55:28]} 51. Rxb7 {[%clk 0:36:33]} 1/2-1/2

[Event "World Chess Olympiad 2018"]
[Site "Batumi"]
[Date "2018.10.04"]
[Round "10"]
[Board "1"]
[WhiteFideId "6351921"]
[White "Saraci Nderim"]
[BlackFideId "2300117"]
[Black "Steingrimsson Hedinn"]
[Result "0-1"]
[LiveChessVersion "1.4.8"]
[BlackElo "2573"]
[WhiteElo "2408"]

1. d4 {[%clk 1:30:56]} Nf6 {[%clk 1:30:40]} 2. c4 {[%clk 1:31:08]} e6
{[%clk 1:31:02]} 3. Nf3 {[%clk 1:31:24]} d5 {[%clk 1:31:08]} 4. g3
{[%clk 1:30:41]} dxc4 {[%clk 1:30:39]} 5. Qa4+ {[%clk 1:29:23]} Nbd7
{[%clk 1:30:57]} 6. Bg2 {[%clk 1:22:21]} a6 {[%clk 1:31:11]} 7. Qxc4
{[%clk 1:21:49]} b5 {[%clk 1:29:50]} 8. Qc2 {[%clk 1:21:41]} Bb7 {[%clk 1:30:08]}
9. O-O {[%clk 1:21:26]} c5 {[%clk 1:30:22]} 10. a3 {[%clk 1:04:30]} Rc8
{[%clk 1:27:14]} 11. Qd1 {[%clk 1:03:52]} Be7 {[%clk 1:07:33]} 12. dxc5
{[%clk 0:58:33]} Nxc5 {[%clk 1:07:11]} 13. Nc3 {[%clk 0:37:25]} O-O
{[%clk 0:54:11]} 14. Be3 {[%clk 0:32:52]} Qc7 {[%clk 0:47:44]} 15. Bxc5
{[%clk 0:31:40]} Bxc5 {[%clk 0:43:32]} 16. e3 {[%clk 0:30:34]} Nd5
{[%clk 0:41:06]} 17. Nxd5 {[%clk 0:29:37]} Bxd5 {[%clk 0:41:34]} 18. Nd2
{[%clk 0:27:54]} Rfd8 {[%clk 0:39:33]} 19. Bxd5 {[%clk 0:26:52]} Rxd5
{[%clk 0:39:57]} 20. Qe2 {[%clk 0:26:48]} Be7 {[%clk 0:38:46]} 21. Nf3
{[%clk 0:21:00]} Qc2 {[%clk 0:34:08]} 22. Qxc2 {[%clk 0:19:34]} Rxc2
{[%clk 0:34:36]} 23. b4 {[%clk 0:19:09]} g5 {[%clk 0:28:44]} 24. Nd4
{[%clk 0:12:06]} Rb2 {[%clk 0:24:13]} 25. Rfc1 {[%clk 0:06:57]} Bf6
{[%clk 0:22:59]} 26. Rc6 {[%clk 0:05:45]} Bxd4 {[%clk 0:22:52]} 27. exd4
{[%clk 0:06:14]} Rxd4 {[%clk 0:23:14]} 28. Rxa6 {[%clk 0:06:31]} Rd5
{[%clk 0:23:16]} 29. Rc6 {[%clk 0:01:05]} Rf5 {[%clk 0:20:14]} 30. Rf1
{[%clk 0:01:33]} Rb3 {[%clk 0:19:51]} 31. Ra1 {[%clk 0:01:08]} Rb2
{[%clk 0:19:48]} 32. Rf1 {[%clk 0:01:36]} Rf3 {[%clk 0:20:16]} 33. Rc5
{[%clk 0:01:46]} h6 {[%clk 0:20:45]} 34. Rxb5 {[%clk 0:01:56]} Rxa3
{[%clk 0:21:13]} 35. Rd1 {[%clk 0:00:34]} Rf3 {[%clk 0:21:18]} 36. Rf1
{[%clk 0:00:58]} Kg7 {[%clk 0:21:38]} 37. Kg2 {[%clk 0:01:06]} Rfb3
{[%clk 0:21:49]} 38. Rd1 {[%clk 0:00:39]} Rxb4 {[%clk 0:22:16]} 39. Rxb4
{[%clk 0:00:49]} Rxb4 {[%clk 0:22:44]} 40. Rd7 {[%clk 0:31:03]} h5
{[%clk 0:53:10]} 41. Ra7 {[%clk 0:29:26]} h4 {[%clk 0:51:32]} 42. Ra5
{[%clk 0:26:13]} Kg6 {[%clk 0:50:27]} 43. Ra8 {[%clk 0:24:55]} Kg7
{[%clk 0:49:37]} 44. Ra5 {[%clk 0:25:04]} f6 {[%clk 0:49:00]} 45. Ra7+
{[%clk 0:21:30]} Kg6 {[%clk 0:49:28]} 46. Ra8 {[%clk 0:21:53]} e5
{[%clk 0:48:35]} 47. Ra2 {[%clk 0:13:27]} Kf5 {[%clk 0:47:01]} 48. Re2
{[%clk 0:13:55]} Rb3 {[%clk 0:43:51]} 49. Ra2 {[%clk 0:12:49]} g4
{[%clk 0:33:50]} 50. gxh4 {[%clk 0:13:09]} Rh3 {[%clk 0:33:50]} 51. Ra6
{[%clk 0:10:52]} Rxh4 {[%clk 0:34:02]} 52. Rb6 {[%clk 0:11:16]} Rh3
{[%clk 0:34:11]} 53. Ra6 {[%clk 0:11:40]} Rb3 {[%clk 0:32:29]} 54. Rc6
{[%clk 0:09:02]} Kg5 {[%clk 0:32:17]} 55. Re6 {[%clk 0:09:18]} Kf5
{[%clk 0:32:42]} 56. Rc6 {[%clk 0:09:44]} e4 {[%clk 0:33:08]} 57. Rc5+
{[%clk 0:09:41]} Kf4 {[%clk 0:33:34]} 58. Rc6 {[%clk 0:08:48]} f5
{[%clk 0:34:01]} 59. Rc5 {[%clk 0:08:16]} Rb2 {[%clk 0:33:22]} 60. Kg1
{[%clk 0:06:34]} Kg5 {[%clk 0:24:21]} 61. Re5 {[%clk 0:07:03]} Re2
{[%clk 0:24:26]} 62. Kf1 {[%clk 0:07:27]} Ra2 {[%clk 0:24:52]} 63. Kg1
{[%clk 0:07:42]} Kf4 {[%clk 0:24:10]} 64. Rb5 {[%clk 0:08:05]} Ra3
{[%clk 0:24:08]} 65. Kg2 {[%clk 0:08:28]} Rf3 {[%clk 0:24:35]} 66. Ra5
{[%clk 0:08:43]} e3 {[%clk 0:23:29]} 67. fxe3+ {[%clk 0:08:57]} Rxe3
{[%clk 0:23:58]} 68. Ra2 {[%clk 0:08:51]} Rd3 {[%clk 0:23:35]} 69. Re2
{[%clk 0:07:22]} Kg5 {[%clk 0:23:24]} 70. Re5 {[%clk 0:05:52]} Rd2+
{[%clk 0:22:15]} 71. Kg3 {[%clk 0:06:14]} Rc2 {[%clk 0:22:33]} 72. Ra5
{[%clk 0:06:30]} Re2 {[%clk 0:22:33]} 73. Rb5 {[%clk 0:06:39]} Kf6
{[%clk 0:21:24]} 74. Rb8 {[%clk 0:06:17]} Re3+ {[%clk 0:21:42]} 75. Kf2
{[%clk 0:06:41]} Rd3 {[%clk 0:17:06]} 76. Rb4 {[%clk 0:05:55]} Ke5
{[%clk 0:17:14]} 77. Rb5+ {[%clk 0:05:43]} Ke4 {[%clk 0:17:35]} 78. Rb4+
{[%clk 0:05:57]} Rd4 {[%clk 0:17:54]} 79. Rb8 {[%clk 0:05:59]} Rd2+
{[%clk 0:15:06]} 80. Kg3 {[%clk 0:04:30]} Rd3+ {[%clk 0:15:34]} 81. Kg2
{[%clk 0:04:37]} f4 {[%clk 0:10:27]} 82. Re8+ {[%clk 0:04:35]} Kd4
{[%clk 0:10:56]} 83. Rd8+ {[%clk 0:03:31]} Kc3 {[%clk 0:11:25]} 84. Rg8
{[%clk 0:01:00]} Rd2+ {[%clk 0:09:45]} 85. Kg1 {[%clk 0:01:24]} Kd3
{[%clk 0:10:05]} 86. Re8 {[%clk 0:00:33]} Re2 {[%clk 0:06:51]} 87. Ra8
{[%clk 0:00:56]} Ke4 {[%clk 0:06:25]} 88. Ra4+ {[%clk 0:00:42]} Kf3
{[%clk 0:06:53]} 89. Ra3+ {[%clk 0:01:04]} Re3 {[%clk 0:07:22]} 90. Ra1
{[%clk 0:01:26]} g3 {[%clk 0:06:04]} 91. hxg3 {[%clk 0:01:00]} Kxg3
{[%clk 0:06:31]} 92. Kf1 {[%clk 0:00:34]} Rb3 {[%clk 0:06:59]} 93. Ke2
{[%clk 0:00:32]} 0-1

[Event "World Chess Olympiad 2018"]
[Site "Batumi"]
[Date "2018.10.04"]
[Round "10"]
[Board "2"]
[WhiteFideId "2300044"]
[White "Hjartarson Johann"]
[BlackFideId "937576"]
[Black "Ondozi Murtez"]
[Result "1-0"]
[LiveChessVersion "1.4.8"]
[BlackElo "2402"]
[WhiteElo "2530"]

1. e4 {[%clk 1:30:56]} c5 {[%clk 1:30:05]} 2. Nf3 {[%clk 1:31:15]} e6
{[%clk 1:30:17]} 3. d4 {[%clk 1:31:33]} cxd4 {[%clk 1:30:41]} 4. Nxd4
{[%clk 1:31:59]} a6 {[%clk 1:31:07]} 5. Bd3 {[%clk 1:31:56]} Nf6 {[%clk 1:31:26]}
6. O-O {[%clk 1:32:14]} Qc7 {[%clk 1:31:47]} 7. Qe2 {[%clk 1:32:21]} d6
{[%clk 1:32:03]} 8. f4 {[%clk 1:32:10]} Nbd7 {[%clk 1:31:57]} 9. c4
{[%clk 1:32:23]} Be7 {[%clk 1:31:48]} 10. Nc3 {[%clk 1:32:40]} O-O
{[%clk 1:30:10]} 11. Kh1 {[%clk 1:32:29]} b6 {[%clk 1:29:50]} 12. Bd2
{[%clk 1:32:03]} Bb7 {[%clk 1:30:05]} 13. f5 {[%clk 1:30:21]} e5 {[%clk 1:21:34]}
14. Nb3 {[%clk 1:30:08]} Nc5 {[%clk 1:21:35]} 15. Nxc5 {[%clk 1:30:13]} dxc5
{[%clk 1:21:41]} 16. Nd5 {[%clk 1:29:58]} Nxd5 {[%clk 1:18:58]} 17. cxd5
{[%clk 1:30:15]} Qd6 {[%clk 1:17:32]} 18. a4 {[%clk 1:24:48]} Rfc8
{[%clk 1:14:09]} 19. Bc4 {[%clk 1:21:37]} Rc7 {[%clk 1:11:01]} 20. Ra3
{[%clk 1:20:57]} Kf8 {[%clk 1:04:59]} 21. Qh5 {[%clk 1:17:38]} h6
{[%clk 0:58:40]} 22. f6 {[%clk 1:15:18]} Bxf6 {[%clk 0:58:50]} 23. Bxh6
{[%clk 1:15:29]} Ke8 {[%clk 0:45:35]} 24. Raf3 {[%clk 1:14:41]} g6
{[%clk 0:21:03]} 25. Qh3 {[%clk 1:14:33]} Bd8 {[%clk 0:16:19]} 26. Bg7
{[%clk 1:13:51]} f5 {[%clk 0:12:49]} 27. Qh8+ {[%clk 1:13:46]} Kd7
{[%clk 0:13:11]} 28. Bxe5 {[%clk 1:13:57]} Be7 {[%clk 0:13:15]} 29. Qg7
{[%clk 1:12:49]} Rg8 {[%clk 0:13:15]} 30. Qxg8 {[%clk 1:12:00]} Qxe5
{[%clk 0:13:40]} 31. exf5 {[%clk 1:12:10]} gxf5 {[%clk 0:12:26]} 32. Rxf5
{[%clk 1:12:23]} Qe4 {[%clk 0:10:50]} 33. R5f4 {[%clk 1:11:58]} Qe5
{[%clk 0:10:44]} 34. Qg4+ {[%clk 1:11:39]} Kd8 {[%clk 0:09:18]} 35. Re4
{[%clk 1:11:20]} Qh8 {[%clk 0:08:03]} 36. Qe6 {[%clk 1:11:14]} Rd7
{[%clk 0:04:23]} 37. Qxb6+ {[%clk 1:11:12]} Kc8 {[%clk 0:04:47]} 38. Bxa6
{[%clk 1:11:09]} Bxa6 {[%clk 0:03:40]} 39. Qxa6+ {[%clk 1:11:32]} Kb8
{[%clk 0:04:00]} 40. Rxe7 1-0

[Event "World Chess Olympiad 2018"]
[Site "Batumi"]
[Date "2018.10.04"]
[Round "10"]
[Board "3"]
[WhiteFideId "908630"]
[White "Makolli Perparim"]
[BlackFideId "2300087"]
[Black "Stefansson Hannes"]
[Result "0-1"]
[LiveChessVersion "1.4.8"]
[BlackElo "2502"]
[WhiteElo "2284"]

1. e4 {[%clk 1:30:42]} c5 {[%clk 1:30:51]} 2. Nf3 {[%clk 1:29:50]} e6
{[%clk 1:30:47]} 3. d4 {[%clk 1:29:29]} cxd4 {[%clk 1:31:10]} 4. Nxd4
{[%clk 1:29:55]} a6 {[%clk 1:31:27]} 5. Bd3 {[%clk 1:28:31]} Bc5 {[%clk 1:31:38]}
6. Nb3 {[%clk 1:28:45]} Be7 {[%clk 1:31:53]} 7. Qg4 {[%clk 1:28:33]} g6
{[%clk 1:32:08]} 8. Qe2 {[%clk 1:28:31]} d6 {[%clk 1:31:22]} 9. Nc3
{[%clk 1:25:08]} Nc6 {[%clk 1:24:06]} 10. Be3 {[%clk 1:22:50]} b5
{[%clk 1:23:52]} 11. O-O {[%clk 1:21:08]} Bb7 {[%clk 1:23:30]} 12. Rad1
{[%clk 1:21:12]} Qc7 {[%clk 1:21:37]} 13. Kh1 {[%clk 1:18:54]} Nf6
{[%clk 1:13:40]} 14. f4 {[%clk 1:09:56]} Nb4 {[%clk 1:11:12]} 15. Bd4
{[%clk 0:56:39]} Nxd3 {[%clk 1:07:37]} 16. cxd3 {[%clk 0:55:59]} O-O
{[%clk 1:07:19]} 17. Qf2 {[%clk 0:52:30]} Rac8 {[%clk 1:06:09]} 18. Qg3
{[%clk 0:48:27]} Nh5 {[%clk 1:04:14]} 19. Qf2 {[%clk 0:46:26]} f5
{[%clk 1:03:18]} 20. e5 {[%clk 0:43:56]} b4 {[%clk 1:02:42]} 21. Na4
{[%clk 0:37:17]} Qc6 {[%clk 0:58:20]} 22. Na5 {[%clk 0:36:13]} Qxa4
{[%clk 0:58:43]} 23. Nxb7 {[%clk 0:36:37]} dxe5 {[%clk 0:58:44]} 24. Bxe5
{[%clk 0:35:17]} Qxa2 {[%clk 0:58:48]} 25. Nd6 {[%clk 0:34:04]} Rcd8
{[%clk 0:57:55]} 26. Nc4 {[%clk 0:34:03]} Rfe8 {[%clk 0:53:44]} 27. Qb6 Bf8
{[%clk 0:52:20]} 28. Bc7 {[%clk 0:23:31]} Rd5 {[%clk 0:50:48]} 29. Qc6
{[%clk 0:22:24]} Nf6 {[%clk 0:49:31]} 30. Be5 {[%clk 0:19:33]} Rc5
{[%clk 0:48:19]} 31. Qb7 {[%clk 0:18:02]} Ng4 {[%clk 0:48:02]} 32. Bd6
{[%clk 0:16:12]} Bxd6 {[%clk 0:46:09]} 33. Nxd6 {[%clk 0:16:08]} Rf8
{[%clk 0:46:34]} 34. Nc4 {[%clk 0:15:07]} Qa4 {[%clk 0:42:57]} 35. Ra1
{[%clk 0:13:14]} Qb5 {[%clk 0:43:03]} 36. Qxa6 {[%clk 0:13:30]} Qxa6
{[%clk 0:43:22]} 37. Rxa6 {[%clk 0:13:59]} Rd8 {[%clk 0:43:41]} 38. h3
{[%clk 0:10:49]} Rxd3 {[%clk 0:43:08]} 39. hxg4 {[%clk 0:10:11]} Rxc4
{[%clk 0:43:30]} 40. Rxe6 {[%clk 0:40:28]} fxg4 {[%clk 1:13:35]} 41. f5
{[%clk 0:26:49]} gxf5 {[%clk 1:13:57]} 42. Rxf5 {[%clk 0:26:57]} g3
{[%clk 1:13:59]} 43. Rf1 {[%clk 0:26:35]} Rf4 {[%clk 1:13:47]} 44. Kg1
{[%clk 0:20:36]} Rf7 {[%clk 1:09:58]} 45. Re4 {[%clk 0:17:04]} b3
{[%clk 1:09:58]} 46. Rxf7 {[%clk 0:16:22]} Kxf7 {[%clk 1:10:23]} 47. Kf1
{[%clk 0:16:39]} Rd2 {[%clk 1:09:36]} 48. Re3 {[%clk 0:16:31]} Rxb2
{[%clk 1:10:00]} 49. Rxg3 {[%clk 0:16:55]} Ke6 {[%clk 1:10:24]} 50. Rh3
{[%clk 0:17:06]} Kd5 {[%clk 1:10:48]} 51. Rxh7 {[%clk 0:17:30]} Rc2
{[%clk 1:10:56]} 52. Rd7+ {[%clk 0:15:52]} Ke5 0-1

[Event "World Chess Olympiad 2018"]
[Site "Batumi"]
[Date "2018.10.04"]
[Round "10"]
[Board "4"]
[WhiteFideId "2301318"]
[White "Kjartansson Gudmundur"]
[BlackFideId "22100199"]
[Black "Uruci Endrit"]
[Result "1/2-1/2"]
[LiveChessVersion "1.4.8"]
[BlackElo "2157"]
[WhiteElo "2428"]

1. d4 {[%clk 1:30:49]} Nf6 {[%clk 1:30:46]} 2. c4 {[%clk 1:31:14]} e6
{[%clk 1:31:10]} 3. Nf3 {[%clk 1:31:37]} d5 {[%clk 1:31:35]} 4. g3
{[%clk 1:31:36]} Be7 {[%clk 1:31:18]} 5. Bg2 {[%clk 1:32:01]} O-O
{[%clk 1:31:41]} 6. O-O {[%clk 1:32:15]} dxc4 {[%clk 1:30:51]} 7. Qc2
{[%clk 1:31:43]} a6 {[%clk 1:29:32]} 8. Qxc4 {[%clk 1:31:00]} b5 {[%clk 1:29:25]}
9. Qc2 {[%clk 1:31:19]} Bb7 {[%clk 1:29:50]} 10. Bd2 {[%clk 1:31:31]} Nc6
{[%clk 1:18:57]} 11. e3 {[%clk 1:22:48]} Nb4 {[%clk 1:17:24]} 12. Bxb4
{[%clk 1:21:50]} Bxb4 {[%clk 1:17:46]} 13. a3 {[%clk 1:16:04]} Be7
{[%clk 1:12:21]} 14. Nbd2 {[%clk 1:12:55]} Rc8 {[%clk 1:10:51]} 15. b4
{[%clk 1:09:41]} a5 {[%clk 1:08:50]} 16. Rfb1 {[%clk 0:49:02]} axb4
{[%clk 1:02:48]} 17. axb4 {[%clk 0:49:23]} Nd5 {[%clk 1:01:49]} 18. Ne5
{[%clk 0:47:16]} Nxb4 {[%clk 0:53:22]} 19. Rxb4 {[%clk 0:47:04]} Bxg2
{[%clk 0:53:45]} 20. Rxb5 {[%clk 0:45:30]} Ba8 {[%clk 0:52:28]} 21. Nc6
{[%clk 0:41:55]} Bxc6 {[%clk 0:48:08]} 22. Qxc6 {[%clk 0:42:19]} Qd6
{[%clk 0:47:20]} 23. Rc1 {[%clk 0:41:00]} Rfd8 {[%clk 0:43:38]} 24. Qb7
{[%clk 0:23:56]} Qd7 {[%clk 0:34:14]} 25. Nc4 {[%clk 0:18:38]} Qe8
{[%clk 0:28:17]} 26. Rbb1 {[%clk 0:07:27]} c5 {[%clk 0:27:00]} 27. dxc5
{[%clk 0:04:45]} Rxc5 {[%clk 0:26:14]} 28. Nb6 {[%clk 0:04:42]} Rb8
{[%clk 0:24:36]} 29. Qd7 {[%clk 0:03:30]} Qxd7 {[%clk 0:21:05]} 30. Nxd7
{[%clk 0:03:56]} Rxc1+ {[%clk 0:21:28]} 31. Rxc1 {[%clk 0:04:20]} Rd8
{[%clk 0:21:48]} 32. Rc7 {[%clk 0:04:09]} f6 {[%clk 0:20:52]} 33. g4
{[%clk 0:03:45]} Kf7 {[%clk 0:20:11]} 34. Kg2 {[%clk 0:03:22]} Ke8
{[%clk 0:20:21]} 35. Nb6 {[%clk 0:03:40]} Rd6 {[%clk 0:19:05]} 36. Rb7
{[%clk 0:03:13]} Bd8 {[%clk 0:17:38]} 37. Nc4 {[%clk 0:03:22]} Rd7
{[%clk 0:18:00]} 38. Rb8 {[%clk 0:03:30]} Ke7 {[%clk 0:17:45]} 39. h4
{[%clk 0:03:39]} Bc7 {[%clk 0:17:19]} 40. Rh8 {[%clk 0:33:05]} h6
{[%clk 0:47:38]} 41. Ra8 {[%clk 0:32:18]} Rd5 {[%clk 0:45:42]} 42. f4
{[%clk 0:28:20]} Rc5 {[%clk 0:45:44]} 43. Ra4 {[%clk 0:28:14]} Kf7
{[%clk 0:44:52]} 44. Kf3 {[%clk 0:27:43]} f5 {[%clk 0:45:07]} 45. h5
{[%clk 0:25:51]} g6 {[%clk 0:43:38]} 46. hxg6+ {[%clk 0:25:17]} Kxg6
{[%clk 0:44:02]} 47. gxf5+ {[%clk 0:25:29]} exf5 {[%clk 0:43:40]} 48. Ra6+
{[%clk 0:25:46]} Kg7 {[%clk 0:43:47]} 49. Nd2 {[%clk 0:25:01]} Bd8
{[%clk 0:41:47]} 50. Nb3 {[%clk 0:22:58]} Rd5 {[%clk 0:42:10]} 51. Nd4
{[%clk 0:23:17]} Bf6 {[%clk 0:38:21]} 52. Rd6 {[%clk 0:22:10]} Ra5
{[%clk 0:37:12]} 53. Rd7+ {[%clk 0:22:18]} Kg6 {[%clk 0:34:32]} 54. Ne6
{[%clk 0:22:24]} Ra8 {[%clk 0:35:00]} 55. Rd5 {[%clk 0:19:51]} Re8
{[%clk 0:33:46]} 56. Nc5 {[%clk 0:19:21]} h5 {[%clk 0:29:10]} 57. e4
{[%clk 0:13:28]} fxe4+ {[%clk 0:29:34]} 58. Nxe4 {[%clk 0:13:53]} Be7
{[%clk 0:28:52]} 59. f5+ {[%clk 0:13:58]} Kf7 {[%clk 0:28:37]} 60. Rd7
{[%clk 0:13:53]} Rd8 {[%clk 0:28:19]} 61. Rb7 {[%clk 0:13:38]} Rd4
{[%clk 0:27:10]} 62. Ke3 {[%clk 0:12:45]} Ra4 {[%clk 0:27:19]} 63. Nc3
{[%clk 0:08:30]} Rb4 {[%clk 0:26:38]} 64. Rc7 {[%clk 0:08:00]} Kf8
{[%clk 0:26:55]} 65. Nd5 {[%clk 0:06:40]} Bg5+ {[%clk 0:27:22]} 66. Kd3
{[%clk 0:06:47]} Ra4 {[%clk 0:27:06]} 67. Rh7 {[%clk 0:06:29]} h4
{[%clk 0:26:26]} 68. Rh5 {[%clk 0:04:28]} Rg4 {[%clk 0:26:31]} 69. Nc3
{[%clk 0:02:39]} Rg3+ {[%clk 0:24:55]} 70. Kc4 {[%clk 0:03:29]} h3
{[%clk 0:24:59]} 71. Ne4 {[%clk 0:03:33]} Rg4 {[%clk 0:25:00]} 72. Rxh3
{[%clk 0:00:46]} Rxe4+ {[%clk 0:25:24]} 73. Kd5 {[%clk 0:01:13]} Re2
{[%clk 0:25:30]} 74. Rh7 {[%clk 0:00:41]} Bf6 {[%clk 0:25:33]} 75. Kd6
{[%clk 0:00:37]} Re5 {[%clk 0:25:02]} 76. Rh5 {[%clk 0:00:38]} Kg7
{[%clk 0:25:30]} 77. Kd7 {[%clk 0:00:53]} Re1 {[%clk 0:25:14]} 78. Kd6
{[%clk 0:00:59]} Be5+ {[%clk 0:25:34]} 79. Ke6 {[%clk 0:00:51]} Bf4+
{[%clk 0:25:55]} 80. Kd5 {[%clk 0:01:05]} Kf6 {[%clk 0:26:19]} 81. Kd4
{[%clk 0:01:14]} Bg5 {[%clk 0:26:44]} 82. Rh8 {[%clk 0:01:17]} Kxf5
{[%clk 0:26:53]} 83. Rf8+ {[%clk 0:01:40]} Bf6+ {[%clk 0:26:55]} 84. Kd3
{[%clk 0:02:04]} Rh1 {[%clk 0:27:15]} 85. Rf7 {[%clk 0:01:56]} Rh3+
{[%clk 0:27:25]} 86. Kd2 {[%clk 0:01:44]} Ke5 {[%clk 0:27:30]} 87. Rf8
{[%clk 0:01:56]} Bg5+ {[%clk 0:27:44]} 88. Kc2 {[%clk 0:00:40]} Kd4
{[%clk 0:28:02]} 89. Rc8 {[%clk 0:00:48]} Be7 {[%clk 0:28:15]} 90. Rc7
{[%clk 0:00:41]} Bc5 {[%clk 0:28:40]} 91. Rd7+ {[%clk 0:00:54]} Kc4
{[%clk 0:29:09]} 92. Rd2 {[%clk 0:00:40]} Ra3 {[%clk 0:29:34]} 93. Re2
{[%clk 0:00:35]} Bd4 {[%clk 0:29:34]} 94. Kd1 {[%clk 0:00:32]} Bc3
{[%clk 0:29:06]} 95. Kc2 {[%clk 0:00:33]} Bd4 {[%clk 0:27:41]} 96. Kd1
{[%clk 0:00:53]} Be3 {[%clk 0:26:21]} 97. Rc2+ {[%clk 0:01:09]} Kd3
{[%clk 0:25:52]} 98. Rd2+ {[%clk 0:01:35]} Ke4 {[%clk 0:26:16]} 99. Rb2
{[%clk 0:00:41]} Rc3 {[%clk 0:23:55]} 100. Rc2 {[%clk 0:00:47]} Rd3+
{[%clk 0:24:11]} 101. Ke2 {[%clk 0:01:10]} Rd8 {[%clk 0:24:37]} 102. Rc4+
{[%clk 0:01:25]} Bd4 {[%clk 0:25:04]} 103. Rc7 {[%clk 0:00:44]} Rh8
{[%clk 0:25:21]} 104. Re7+ {[%clk 0:01:10]} Be5 {[%clk 0:25:47]} 105. Ke1
{[%clk 0:01:16]} Rh2 {[%clk 0:25:59]} 106. Re8 {[%clk 0:01:41]} Kd4
{[%clk 0:26:12]} 107. Kf1 {[%clk 0:02:03]} Bf4 {[%clk 0:26:25]} 108. Re2
{[%clk 0:02:27]} Rh1+ {[%clk 0:26:27]} 109. Kg2 {[%clk 0:02:52]} Rh8
{[%clk 0:26:53]} 110. Kf3 {[%clk 0:03:11]} Be3 {[%clk 0:27:17]} 111. Ra2
{[%clk 0:02:34]} Rf8+ {[%clk 0:27:40]} 112. Kg4 {[%clk 0:02:45]} Ke4
{[%clk 0:28:00]} 113. Ra4+ {[%clk 0:03:10]} Bd4 {[%clk 0:28:26]} 114. Rb4
{[%clk 0:03:11]} Rg8+ {[%clk 0:28:44]} 115. Kh4 {[%clk 0:03:37]} Ke3
{[%clk 0:28:40]} 116. Kh5 {[%clk 0:03:57]} Be5 {[%clk 0:28:47]} 117. Rg4
{[%clk 0:04:16]} Rh8+ {[%clk 0:27:59]} 118. Kg6 {[%clk 0:04:42]} Kf3
{[%clk 0:27:57]} 1/2-1/2